[Event "Master Open"]
[Site "Singapore SIN"]
[Date "2004.12.12"]
[Round "3"]
[White "Wong Zi Jing"]
[Black "Fadli,Z"]
[Result "1/2-1/2"]
[WhiteElo "2349"]
[BlackElo "2200"]

1.e4 e6 2.d4 d5 3.Nc3 Nf6 4.e5 Nfd7 5.f4 c5 6.Nf3 Nc6 7.Be3 cxd4 8.Nxd4 Nxd4
9.Bxd4 Bc5 10.Bxc5 Nxc5 11.Qd4 b6 12.O-O-O O-O 13.g3 f6 14.Bg2 Kh8 15.exf6 Qxf6
16.Rhe1 Qxd4 17.Rxd4 Bd7 18.Rd2 a5 19.Ne2 b5 20.Nd4 g6 21.Rde2 Ra6 22.Re5 Rd6
23.Bh3 Rf6 24.Kd2 Ne4+ 25.Ke3 Rb6 26.b3 b4 27.g4 Rf8 28.f5 exf5 29.gxf5 gxf5
30.Bxf5 Bxf5 31.Nxf5 Nc3 32.Ne7 Rh6 33.Nxd5 Rxh2 34.Nxc3 Rh3+ 35.Kd4 Rxc3
36.Rxa5 Rxc2 37.Re7 Rcf2 38.Ke3 R2f3+ 39.Ke2  1/2-1/2

[Event "ch-IND"]
[Site "Visakhapatnam IND"]
[Date "2004.12.14"]
[Round "14"]
[White "Deepan,C"]
[Black "Barua,D"]
[Result "1/2-1/2"]
[WhiteElo "2396"]
[BlackElo "2525"]

1.e4 e6 2.d4 d5 3.Nc3 Nf6 4.e5 Nfd7 5.f4 c5 6.Nf3 Nc6 7.Be3 Qb6 8.Na4 Qa5+
9.c3 b6 10.Bd2 c4 11.b4 Qa6 12.a3 Qb7 13.g3 Qc7 14.Bh3 Ne7 15.O-O g6 16.Qc2 Bg7
17.Nb2 a5 18.b5 a4 19.Nd1 h5 20.Ne3 Nf5 21.Ng5 Nf8 22.Rab1 Nh7 23.Bg2 Nxe3
24.Bxe3 Nxg5 25.fxg5 Bf8 26.Bc1 Ra5 27.h4 Bd7 28.Rb4 Bxb5 29.Bf4 Bc6 30.Rfb1 Ra6
31.Bf1 Be7 32.Qb2 Kd7 33.Rc1 Kc8 34.Kf2 Kb7 35.Rb1 Ka8 36.Rxb6 Rxb6 37.Qxb6 Qxb6
38.Rxb6 Bxa3 39.Ke1 Rc8 40.Kd1 Ka7 41.Rb1 Ka6 42.Bc1 Be7 43.Be2 Ra8 44.Ra1 Rb8
45.Kd2 Rb3 46.Bd1 Kb5 47.Bc2 Bb7 48.Bd1 Ba6 49.Bc2 Bb7 50.Bd1 Bc6 51.Bc2 Bd8
52.Ba3 Ba5 53.Bxb3 cxb3 54.Rf1 Kc4 55.Rf3 Be8 56.Bb2 Bb6 57.Ba3 Bd8 58.Kc1 Ba5  1/2-1/2

[Event "XVII Torre Mem"]
[Site "Yucatan MEX"]
[Date "2004.12.14"]
[Round "3"]
[White "Hernandez,Hol"]
[Black "Prasca,R"]
[Result "1-0"]
[WhiteElo "2473"]
[BlackElo "2396"]

1.e4 e6 2.d4 d5 3.Nc3 Nf6 4.e5 Nfd7 5.f4 c5 6.Nf3 a6 7.Be3 Qb6 8.Na4 Qa5+
9.c3 cxd4 10.b4 Qc7 11.Qxd4 Nc6 12.Qd2 b5 13.Nb2 f6 14.Nd4 Nxd4 15.cxd4 Nb6
16.exf6 gxf6 17.Be2 Bd6 18.Bh5+ Ke7 19.O-O Nc4 20.Nxc4 bxc4 21.Kh1 Bd7 22.f5 exf5
23.Bf4 Bxf4 24.Rxf4 Kd6 25.Rc1 Rhb8 26.Rh4 Be6 27.Bf3 Qg7 28.Rh5 Kd7 29.a4 Qe7
30.Re1 Qf7 31.h3 Re8 32.Qf4 c3 33.Rc1 Rac8 34.b5 axb5 35.axb5 Qe7 36.b6 Qd6
37.Rxh7+ Re7 38.Rxe7+ Kxe7 39.Qh6 Qxb6 40.Qg7+ Kd6 41.Qxf6 Qc6 42.Bd1 Qd7
43.Bc2 Qf7 44.Qe5+ Kd7 45.Ra1 Kd8 46.Ra6 Bd7 47.Rh6 Rc6 48.Qb8+ Rc8 49.Qd6 Qg7
50.Rg6 Qh7 51.Rf6  1-0

[Event "Open"]
[Site "Zadar CRO"]
[Date "2004.12.18"]
[Round "8"]
[White "Saric,Ib"]
[Black "Kosic,D"]
[Result "0-1"]
[WhiteElo "2441"]
[BlackElo "2519"]

1.e4 e6 2.d4 d5 3.Nc3 Nf6 4.e5 Nfd7 5.f4 c5 6.Nf3 a6 7.Be3 Qb6 8.Na4 Qa5+
9.c3 cxd4 10.b4 Qc7 11.Bxd4 Nc6 12.a3 b5 13.Nb2 Nxd4 14.Qxd4 Be7 15.Bd3 O-O
16.h4 f6 17.Nd1 fxe5 18.fxe5 Rxf3 19.gxf3 Nxe5 20.Be2 Bd7 21.Ne3 Rf8 22.O-O-O Rc8
23.Kb1 Bf6 24.Qd2 Qxc3 25.Qxc3 Rxc3 26.Nc2 Nxf3 27.Bxf3 Rxf3 28.Rd2 Rb3+
29.Kc1 Bb2+ 30.Kd1 Bc3 31.Rh3 Rb1+ 32.Ke2 Bxd2 33.Kxd2 Rf1 34.Rc3 Kf7 35.Rc7 Ke7
36.Nd4 Rf2+ 37.Ke1 Ra2 38.Nb3 Kd6 39.Ra7 Rxa3 40.Nc5 Bc6  0-1

[Event "4th NAO GM"]
[Site "Paris FRA"]
[Date "2004.12.20"]
[Round "6"]
[White "Libiszewski,F"]
[Black "Gouliev,N"]
[Result "1/2-1/2"]
[WhiteElo "2419"]
[BlackElo "2509"]

1.e4 e6 2.d4 d5 3.Nc3 Nf6 4.e5 Nfd7 5.f4 c5 6.Nf3 Nc6 7.Ne2 Qb6 8.c3 f6 9.a3 a5
10.b3 Be7 11.h4 O-O 12.Rh3 Qd8 13.Ra2 Nb6 14.Rc2 a4 15.b4 cxb4 16.cxb4 Bd7
17.Nc3 Rc8 18.Bd3 f5 19.Be3 Na7 20.Rc1 Qe8 21.Nd2 Nb5 22.Ndb1 Nc4 23.Bxc4 Rxc4
24.Nxb5 Bxb5 25.Nc3 Qc6 26.Nxb5 Qxb5 27.Rxc4 dxc4 28.Bf2 Qd5 29.Qf3 Rd8 30.Qxd5 Rxd5
31.Kd2 b5 32.Kc3 Kf7 33.h5 Bd8 34.Rh1 Ke8 35.Bh4 Bb6 36.Rd1 Kf7 37.Bf2 g6
38.hxg6+ Kxg6 39.Rh1 h6 40.Rh3 Rd7 41.Rf3 Kh7 42.Rh3 Rg7 43.g3 Kg6 44.Rh1 Rd7
45.Bg1 Bd8 46.Bf2 h5 47.Rd1 Bb6 48.Rh1 Kh6 49.Rd1 Rg7 50.Kd2 Rd7 51.Ke3 Rc7
52.Rc1 Kg6 53.Be1 h4 54.gxh4 Kh5 55.Bc3 Rg7 56.Kf3 Rg4 57.Rh1 Bd8 58.Be1 Rg7
59.Bc3 Rg8 60.Bd2 Bb6 61.Bc3 Rd8 62.Ke3 Rg8 63.Kf3 Bd8 64.Bd2 Be7 65.Bc3 Rg4
66.Be1 Bf8 67.Bg3 Rg7 68.Be1 Be7 69.Bd2 Kh6 70.Bc3 Rg8 71.Bd2 Rd8 72.Bc3 Kg6
73.Rg1+ Kf7 74.Rh1 Rh8 75.d5 Rxh4 76.Rxh4 Bxh4 77.d6 Ke8 78.Bd4 Kd7 79.Ke2 Kc6
80.Bf2 Bd8 81.Ba7 Kd5 82.Ke3 Bh4 83.Bb6 Kc6 84.Bd4 Bd8 85.Bc5 Kd5 86.Ba7 Kc6
87.Bc5 Kb7 88.Ke2 Kc6  1/2-1/2

[Event "Stepchev Memorial"]
[Site "Kiev UKR"]
[Date "2004.12.23"]
[Round "3"]
[White "Evchin,M"]
[Black "Borsuk,K"]
[Result "0-1"]
[WhiteElo "2248"]
[BlackElo "2152"]

1.e4 e6 2.d4 d5 3.Nc3 Nf6 4.e5 Nfd7 5.Nce2 c5 6.c3 Nc6 7.f4 b5 8.Nf3 b4 9.a3 bxa3
10.bxa3 Ba6 11.Qa4 Qa5 12.Qxa5 Nxa5 13.Nd2 Nb6 14.h4 Na4 15.Rh3 Rb8 16.Rf3 h5
17.f5 exf5 18.Rxf5 Bxe2 19.Bxe2 Nxc3 20.Rxh5 Rxh5 21.Bxh5 cxd4 22.e6 g6 23.exf7+ Kxf7
24.Bf3 Bh6 25.h5 gxh5 26.Bxh5+ Kg7 27.a4 d3 28.Nf3 Nb3 29.Bb2 Nxa1 30.Bxc3+ Kf8
31.Bg6 Nc2+ 32.Kf2 Be3+ 33.Kg3 Rb3 34.Be5  0-1

[Event "20th Open"]
[Site "Nice FRA"]
[Date "2004.12.26"]
[Round "1"]
[White "Maze,S"]
[Black "Quenette,A"]
[Result "1-0"]
[WhiteElo "2464"]
[BlackElo "2113"]

1.e4 e6 2.d4 d5 3.Nc3 Nf6 4.e5 Nfd7 5.f4 c5 6.Nf3 Nc6 7.Be3 cxd4 8.Nxd4 Qb6
9.Qd2 Qxb2 10.Rb1 Qa3 11.Bb5 Nxd4 12.Bxd4 a6 13.Bxd7+ Bxd7 14.Rb3 Qe7 15.Rxb7 Qd8
16.O-O Qc8 17.Rfb1 Bc6 18.R7b3 Be7 19.Qf2 O-O 20.Bc5 Qc7 21.Bxe7 Qxe7 22.Ne2 Bb5
23.Nd4 Rfc8 24.f5 exf5 25.Nxf5 Qa7 26.Re3 Rc6 27.h4 Re6 28.h5 Qd7 29.h6 g6
30.Nd4 Ree8 31.Qf6  1-0

[Event "Open A"]
[Site "Bethune FRA"]
[Date "2004.12.28"]
[Round "4"]
[White "Sokolov,And1"]
[Black "Gouliev,N"]
[Result "1-0"]
[WhiteElo "2591"]
[BlackElo "2509"]

1.e4 e6 2.d4 d5 3.Nc3 Nf6 4.e5 Nfd7 5.f4 c5 6.Nf3 Nc6 7.Be3 a6 8.Qd2 b5 9.Be2 Bb7
10.O-O Qb6 11.Nd1 cxd4 12.Nxd4 Nxd4 13.Bxd4 Qxd4+ 14.Qxd4 Bc5 15.c3 Ke7 16.Ne3 Bxd4
17.cxd4 f5 18.g4 g6 19.gxf5 gxf5 20.Kf2 Rac8 21.Rg1 Rcg8 22.Rg3 Nb8 23.Rag1 Kf8
24.Nc2 Nc6 25.Ke3 Rxg3+ 26.hxg3 Rg8 27.Ne1 Rg7 28.Nf3 Nd8 29.Kf2 Rc7 30.Bd3 h6
31.g4 fxg4 32.Rxg4 Rg7 33.Rh4 Nf7 34.Nh2 Rg8 35.Ng4 Ke7 36.Nf6 Rg7 37.Ng4 Rg8
38.Nf6 Rg7 39.Rh1 Kd8 40.Nh5 Rg8 41.Bh7 Rf8 42.Nf6 Ke7 43.Rg1 Nd8 44.Bg8 Rxf6
45.exf6+ Kxf6 46.Bh7 Nc6 47.Rg6+ Kf7 48.Ke3 Nb8 49.f5  1-0

[Event "Open A"]
[Site "Krakow POL"]
[Date "2004.12.29"]
[Round "3"]
[White "Faibisovich,V"]
[Black "Braslavskij,A"]
[Result "1/2-1/2"]
[WhiteElo "2432"]
[BlackElo "2283"]

1.e4 e6 2.d4 d5 3.Nc3 Nf6 4.e5 Nfd7 5.f4 c5 6.Nf3 Nc6 7.Be3 cxd4 8.Nxd4 Bc5
9.Qd2 Nxd4 10.Bxd4 Bxd4 11.Qxd4 Qb6 12.O-O-O Qxd4 13.Rxd4 Nc5 14.b4 Nd7 15.Bb5 Ke7
16.a4 Nb8 17.f5 a6 18.fxe6 Bxe6 19.Be2 Nc6 20.Nxd5+ Bxd5 21.Rxd5 Nxb4 22.Rd4 Nc6
23.Re4 Rad8 24.Bc4 Rd4 25.Rxd4 Nxd4 26.Rd1 Rd8 27.Kb2 b5 28.c3 Nc6 29.Rxd8 Kxd8
30.Bxf7 Nxe5 31.Bg8 h6 32.axb5 axb5 33.Bd5 Kc7 34.Be4 Kd6 35.Kc2 Kc5 36.Kd2 g5
37.g3 h5 38.h4 gxh4 39.gxh4 Kc4 40.Kc2 Ng4 41.Bd3+ Kc5 42.Be2 Ne3+  1/2-1/2

[Event "Open A"]
[Site "Krakow POL"]
[Date "2005.01.02"]
[Round "7"]
[White "Mueller,Matt1"]
[Black "Fraczek,Dan"]
[Result "1-0"]
[WhiteElo "2362"]
[BlackElo "2276"]

1.e4 e6 2.d4 d5 3.Nc3 Nf6 4.e5 Nfd7 5.f4 c5 6.Nf3 Nc6 7.Be3 a6 8.Qd2 b5 9.a3 cxd4
10.Nxd4 Nxd4 11.Bxd4 Nb8 12.Bd3 Nc6 13.Bf2 Be7 14.O-O O-O 15.b4 Bd7 16.Ne2 Qc7
17.Rae1 f6 18.exf6 Rxf6 19.Nd4 Bd6 20.g3 e5 21.Nxc6 Bxc6 22.fxe5 Bxe5 23.Bc5 Rxf1+
24.Rxf1 Bf6 25.Qf2 Bd7 26.Re1 Qc6 27.Bd4 Rf8 28.Bxf6 Rxf6 29.Qd4 Qb6 30.Qxb6 Rxb6
31.Re5 Be6 32.Kf2 Kf7 33.Ke3 Kf6 34.Kd4 h6 35.Re1 Rc6 36.h4 g5 37.Rf1+ Ke7
38.hxg5 hxg5 39.Rh1 Bf7 40.Re1+ Kf6 41.Ra1 Be6 42.a4 bxa4 43.Rxa4 Rb6 44.Kc5 Rb8
45.Rxa6 Ke5 46.b5 Rc8+ 47.Rc6  1-0

[Event "GM"]
[Site "Augsburg GER"]
[Date "2005.01.03"]
[Round "8"]
[White "Van der Weide,K"]
[Black "Atalik,S"]
[Result "1/2-1/2"]
[WhiteElo "2457"]
[BlackElo "2541"]

1.e4 e6 2.d4 d5 3.Nc3 Nf6 4.e5 Nfd7 5.f4 c5 6.Nf3 Nc6 7.Be3 a6 8.Qd2 b5 9.Bd3 Qb6
10.Qf2 Rb8 11.h4 cxd4 12.Nxd4 Nxd4 13.Bxd4 Qxd4 14.Qxd4 Bc5 15.Nxb5 Bxd4
16.Nxd4 Rb4 17.Ne2 Rxb2 18.Kd2 f6 19.exf6 gxf6 20.Rhb1 Rxb1 21.Rxb1 Nc5 22.g3 Nxd3
23.cxd3 Rg8 24.Rb6 Ke7 25.Ke3 e5 26.d4 exf4+ 27.Kxf4 Rg4+ 28.Kf3 Re4 29.Kf2 a5
30.Nc3 Rxd4 31.Ke3 Rg4 32.Nxd5+ Kf7 33.Rxf6+ Kg7 34.Rc6 Rxg3+ 35.Kf4 Rd3
36.Rc7+ Kh6 37.Rc6+ Kg7 38.Rc7+ Kh6 39.Nf6 Kg6 40.Nxh7 Rd8 41.Ng5 Rd4+ 42.Ne4 Bh3
43.Rc3 Bf1 44.Ke5 Rd3 45.Rc1 Be2 46.Rg1+ Kh6 47.Nd6 Kh5 48.Rg2  1/2-1/2

[Event "Tch-FIN 2004-5"]
[Site "Finland FIN"]
[Date "2005.01.15"]
[Round "6"]
[White "Kytoniemi,J"]
[Black "Kosmo,S"]
[Result "0-1"]
[WhiteElo "2295"]
[BlackElo "2185"]

1.e4 e6 2.d4 d5 3.Nc3 Nf6 4.e5 Nfd7 5.f4 c5 6.Nf3 Nc6 7.Be3 cxd4 8.Nxd4 Bc5
9.Qd2 O-O 10.O-O-O a6 11.Kb1 Nxd4 12.Bxd4 b5 13.Bxc5 Nxc5 14.Qd4 Qc7 15.Bd3 Rb8
16.g4 b4 17.Ne2 Bd7 18.Rhf1 Bb5 19.Bxb5 Rxb5 20.Qe3 Ne4 21.Nd4 Rc5 22.Ka1 a5
23.f5 Qxe5 24.fxe6 fxe6 25.Rxf8+ Kxf8 26.a3 Kg8 27.Rd3 Rc4 28.axb4 axb4 29.Kb1 Qxh2
30.b3 Rc8 31.Ne2 Rf8 32.Ng3 Nxg3 33.Qxe6+ Kh8 34.Qd6 Qg1+ 35.Kb2 Ra8  0-1

[Event "TCh-BEL 2004-5"]
[Site "Belgium BEL"]
[Date "2005.01.16"]
[Round "7"]
[White "Van Haastert,E"]
[Black "Glek,I"]
[Result "0-1"]
[WhiteElo "2411"]
[BlackElo "2588"]

1.e4 e6 2.d4 d5 3.Nc3 Nf6 4.e5 Nfd7 5.f4 c5 6.Nf3 Nc6 7.Be3 cxd4 8.Nxd4 Bc5
9.Qd2 Nxd4 10.Bxd4 Bxd4 11.Qxd4 Qb6 12.Qd2 Nc5 13.O-O-O Bd7 14.Kb1 O-O-O
15.h4 d4 16.Ne2 Ne4 17.Qe1 Ba4 18.Rc1 Kb8 19.Ng3 Nc3+ 20.Ka1 Nd5 21.Qd2 Ne3
22.Ne4 Bc6 23.Nd6 Rxd6 24.exd6 Bxg2 25.Rg1 Bxf1 26.c4 Bxc4 27.Rxg7 Qxd6 28.Rxf7 e5  0-1

[Event "IMA1"]
[Site "Marianske Lazne CZE"]
[Date "2005.01.22"]
[Round "1"]
[White "Van der Weide,K"]
[Black "Vavra,P1"]
[Result "1-0"]
[WhiteElo "2490"]
[BlackElo "2390"]

1.e4 e6 2.d4 d5 3.Nc3 Nf6 4.e5 Nfd7 5.f4 c5 6.Nf3 a6 7.Be3 Nc6 8.Qd2 Be7
9.Bd3 g5 10.fxg5 cxd4 11.Nxd4 Ndxe5 12.Be2 Ng6 13.Nf3 d4 14.Nxd4 Nxd4 15.Qxd4 Bxg5
16.Qxd8+ Bxd8 17.Ne4 Be7 18.O-O-O Bd7 19.Bf3 O-O-O 20.Bb6 Rde8 21.Nd6+ Bxd6
22.Rxd6 Rhg8 23.g3 Ne5 24.Be2 Bb5 25.Bxb5 axb5 26.b3 Nd7 27.Ba5 Nf6 28.Rf1 Ne4
29.Rb6 f5 30.Rxb5 h5 31.Rd1 h4 32.Rd4 Re7 33.Bb6 e5 34.Rc4+ Kb8 35.Ra5 hxg3
36.hxg3 Rge8 37.g4 Rd7  1-0

[Event "1st IRT Open"]
[Site "Villa Ballester ARG"]
[Date "2005.01.30"]
[Round "7"]
[White "Rey,Fe"]
[Black "Alvarez,R2"]
[Result "1/2-1/2"]
[WhiteElo "2202"]
[BlackElo "2133"]

1.e4 e6 2.d4 d5 3.Nc3 Nf6 4.e5 Nfd7 5.Bg5 Be7 6.Bxe7 Qxe7 7.f4 a6 8.Nf3 c5
9.Qd2 Nc6 10.O-O-O cxd4 11.Nxd4 Nxd4 12.Qxd4 Qc5 13.Qxc5 Nxc5 14.Bd3 Bd7
15.Ne2 Bb5 16.Kd2 Bxd3  1/2-1/2

[Event "13th Fajr Open"]
[Site "Tehran IRI"]
[Date "2005.01.31"]
[Round "8"]
[White "Mohammadi,H"]
[Black "Daneshpour,SH"]
[Result "1-0"]
[WhiteElo "2313"]
[BlackElo "2167"]

1.e4 e6 2.d4 d5 3.Nc3 Nf6 4.e5 Nfd7 5.f4 c5 6.Nf3 Nc6 7.Be3 f6 8.exf6 Qxf6
9.Qd2 a6 10.g3 b5 11.Bg2 Bd6 12.Ne2 Qe7 13.Ne5 Nxd4 14.Nxd7 Bxd7 15.Nxd4 cxd4
16.Bxd4 O-O 17.O-O Rac8 18.Rae1 Qf7 19.Kh1 Qg6 20.c3 b4 21.Bh3 bxc3 22.bxc3 Bc5
23.Rf2 Bxd4 24.cxd4 Rc6 25.Rfe2 Rfc8 26.Qb4 Qf6 27.Re5 Qf8 28.Qxf8+ Kxf8
29.f5 exf5 30.Bxf5 Bxf5 31.Rxf5+ Rf6 32.Rxf6+ gxf6 33.Re6 Rc1+ 34.Kg2 Rc2+
35.Kh3 Rxa2 36.Rxf6+ Ke7 37.Rh6 a5 38.Rxh7+ Kf6 39.g4 a4 40.Rh6+ Ke7 41.Ra6 a3
42.g5 Rd2 43.Rxa3 Rxd4 44.Rf3 Re4 45.Kg3 d4 46.h4  1-0

[Event "ch-POL u-20"]
[Site "Sroda Wlkp. POL"]
[Date "2005.02.02"]
[Round "3"]
[White "Ejsmont,K"]
[Black "Heberla,B"]
[Result "0-1"]
[WhiteElo "2356"]
[BlackElo "2438"]

1.e4 e6 2.d4 d5 3.Nc3 Nf6 4.e5 Nfd7 5.f4 c5 6.Nf3 Nc6 7.Be3 a6 8.Qd2 b5 9.a3 Qb6
10.Ne2 a5 11.c3 b4 12.axb4 cxb4 13.c4 dxc4 14.f5 Qd8 15.fxe6 fxe6 16.g3 Be7
17.Bh3 Nb6 18.O-O Nd5 19.Ng5 Nxe3 20.Qxe3 Bxg5 21.Qf3 Qd5 22.Qh5+ g6 23.Qxg5 Nxd4
24.Bg2 Nxe2+ 25.Kh1 Bb7 26.Rf2 Qd7 27.Qf6 Bxg2+ 28.Kxg2 Qd5+ 29.Kh3 Kd7 30.Rxe2 Rhf8
31.Qg7+ Kc6 32.Rae1 Rf5 33.Re4 Raf8 34.Qa7 Kb5 35.Ra1 Rh5+ 36.Rh4 Rxh4+ 37.Kxh4 g5+
38.Kh5 Qd8 39.Qb7+ Qb6 40.Qd7+ Ka6 41.Rd1 c3 42.bxc3 b3 43.Rd6 Rb8 44.Qxe6 b2
45.Rxb6+ Rxb6 46.Qc4+ Ka7 47.Qc7+ Ka6 48.Qc8+ Ka7 49.Qd7+ Kb8 50.Qd8+ Kb7
51.Qe7+ Ka6  0-1

[Event "XII TCh-RUS 1st League"]
[Site "Smolensk RUS"]
[Date "2005.02.04"]
[Round "2"]
[White "Popov,Val"]
[Black "Danin,A"]
[Result "1-0"]
[WhiteElo "2588"]
[BlackElo "2413"]

1.e4 e6 2.d4 d5 3.Nc3 Nf6 4.e5 Nfd7 5.Nce2 c5 6.c3 cxd4 7.cxd4 f6 8.f4 fxe5
9.fxe5 Bb4+ 10.Kf2 O-O+ 11.Nf3 Nc6 12.a3 Ndxe5 13.dxe5 Bc5+ 14.Ke1 Nxe5 15.Nxe5 Bf2+
16.Kd2 Qg5+ 17.Kc2 Qxe5 18.Kb1 Bd7 19.Ng3 Rac8 20.Bd3 Be8 21.Bd2 Bg6 22.Bxg6 hxg6
23.Bc3 d4 24.Bb4 Rf4 25.Ka2 Be3 26.Rf1 g5 27.Qb3 Rc6 28.Rad1 Rb6 29.Qc4 a5
30.Bd2 Rc6 31.Qb3 a4 32.Qxa4 Qd5+ 33.Qb3 Qxb3+ 34.Kxb3 Bxd2 35.Rxd2 e5 36.Re1  1-0

[Event "XII TCh-RUS 1st League"]
[Site "Smolensk RUS"]
[Date "2005.02.04"]
[Round "3"]
[White "Tkachuk,A"]
[Black "Nikolenko,O"]
[Result "0-1"]
[WhiteElo "2120"]
[BlackElo "2524"]

1.e4 e6 2.d4 d5 3.Nc3 Nf6 4.e5 Nfd7 5.f4 c5 6.Nce2 Nc6 7.Nf3 Qb6 8.c3 f6
9.g3 cxd4 10.cxd4 Be7 11.Nc3 fxe5 12.fxe5 O-O 13.Be2 Rxf3 14.Bxf3 Qxd4 15.Qxd4 Nxd4
16.O-O Nxf3+ 17.Rxf3 Nxe5 18.Rf1 b6 19.Ne2 Ba6 20.Kf2 Rf8+  0-1

[Event "TCh-SWE Elitserien 2004-5"]
[Site "Sweden SWE"]
[Date "2005.02.05"]
[Round "7"]
[White "Berg,E"]
[Black "Backelin,R"]
[Result "1-0"]
[WhiteElo "2534"]
[BlackElo "2304"]

1.e4 e6 2.d4 d5 3.Nc3 Nf6 4.e5 Nfd7 5.f4 c5 6.Nf3 Nc6 7.Be3 a6 8.Qd2 b5 9.dxc5 Nxc5
10.Qf2 Nd7 11.Bd3 Be7 12.O-O O-O 13.Ne2 f6 14.Ned4 Nxd4 15.Nxd4 Nxe5 16.fxe5 fxe5
17.Qg3 exd4 18.Bxd4 e5 19.Rxf8+ Bxf8 20.Qxe5 Qd6 21.Qh5 g6 22.Bxg6 hxg6 23.Qh8+ Kf7
24.Re1 Be7 25.Rf1+ Bf5 26.Qxa8  1-0

[Event "2nd GM"]
[Site "Kish IRI"]
[Date "2005.02.09"]
[Round "10"]
[White "Mahjoob,M"]
[Black "Gleizerov,E"]
[Result "0-1"]
[WhiteElo "2445"]
[BlackElo "2550"]

1.e4 e6 2.d4 d5 3.Nc3 Nf6 4.e5 Nfd7 5.f4 c5 6.Nf3 Qb6 7.Be3 a6 8.Na4 Qc6
9.Nxc5 Nxc5 10.dxc5 Bxc5 11.Qd2 Bd7 12.O-O-O Bxe3 13.Qxe3 Qa4 14.Kb1 Nc6
15.Bd3 O-O-O 16.c3 d4 17.Nxd4 Nxd4 18.cxd4 Bc6 19.Bc2 Qa5 20.Qc3 Qc7 21.f5 Kb8
22.Rhf1 Rd7 23.Qg3 g6 24.fxe6 fxe6 25.Bb3 Bd5 26.Bxd5 Rxd5 27.Qg4 Qd7 28.Rf6 Re8
29.h4 Ka7 30.g3 a5 31.Qf4 Re7 32.Rf8 Qb5 33.Qf1 Qb6 34.Rc8 Rxd4 35.Rxd4 Qxd4
36.Qb5 Qe4+ 37.Rc2 b6 38.Qe2 Qb7 39.Rd2 Rd7 40.Rxd7 Qxd7 41.a3 Qd5 42.Qe3 Kb7
43.Qf4 Qd3+ 44.Ka1 Kc6 45.Qa4+ Kc7 46.Qf4 Kc6 47.Qa4+ Kc5 48.b4+ axb4 49.Qxb4+ Kc6
50.Qa4+ b5 51.Qa6+ Kd5 52.Qd6+ Ke4 53.Qxe6 Qxa3+ 54.Kb1 Qd3+ 55.Kc1 Qc3+
56.Kb1 Qxe5 57.Qf7 Qh5 58.Qf4+ Kd3 59.Kb2 Qe2+ 60.Ka3 Qe7+ 61.Kb3 Qe6+ 62.Kb2 h5
63.Qg5 Qf5 64.Qe7 Qe4 65.Qa3+ Ke2 66.Qd6 Kf2 67.Kb3 Kg2 68.Qd2+ Kxg3 69.Qg5+ Kh3
70.Qxb5 Qb1+  0-1

[Event "XII TCh-RUS 1st League"]
[Site "Smolensk RUS"]
[Date "2005.02.12"]
[Round "11"]
[White "Klimov,S"]
[Black "Danin,A"]
[Result "1/2-1/2"]
[WhiteElo "2509"]
[BlackElo "2413"]

1.e4 e6 2.d4 d5 3.Nc3 Nf6 4.e5 Nfd7 5.f4 c5 6.Nf3 Nc6 7.Ne2 Qb6 8.c3 f6 9.a3 Be7
10.h4 O-O 11.Rh3 a5 12.b3 Qc7 13.Ng3 b6 14.Bd3 f5 15.Ng5 Bxg5 16.hxg5 g6
17.Be3 Ba6 18.Kf2 Bxd3 19.Qxd3 Rf7 20.Rhh1 Rc8 21.Rhc1 cxd4 22.cxd4 Qb7 23.Ne2 Rff8
24.Nc3  1/2-1/2

[Event "Jersey Open"]
[Site "Jersey JCI"]
[Date "2005.02.16"]
[Round "4"]
[White "Heppell,I"]
[Black "Eggleston,D"]
[Result "0-1"]
[WhiteElo "2167"]
[BlackElo "2159"]

1.e4 e6 2.d4 d5 3.Nc3 Nf6 4.e5 Nfd7 5.f4 c5 6.Nf3 Nc6 7.Be3 cxd4 8.Nxd4 Bc5
9.Qd2 a6 10.Be2 Qc7 11.O-O O-O 12.Kh1 b5 13.Nxc6 Qxc6 14.Bf3 Bb7 15.Rac1 Nb6
16.Bxc5 Qxc5 17.Ne2 Nc4 18.Qc3 Rac8 19.Rfe1 b4 20.Qd4 Qxd4 21.Nxd4 Nxb2 22.Rb1 Rc4
23.Nxe6 fxe6 24.Rxb2 Rfxf4 25.a3 a5 26.h3 Bc6 27.axb4 Rxb4 28.Ra2 Ra4 29.Rb2 Rfb4
30.Reb1 Rxb2 31.Rxb2 Rb4 32.Rxb4 axb4 33.Be2 Be8 34.Bg4 Kf7 35.Kg1 Ba4 36.Bh5+ g6  0-1

[Event "Jersey Open"]
[Site "Jersey JCI"]
[Date "2005.02.19"]
[Round "7"]
[White "Eggleston,T"]
[Black "Spice,A"]
[Result "0-1"]
[WhiteElo "2169"]
[BlackElo "2182"]

1.e4 e6 2.d4 d5 3.Nc3 Nf6 4.e5 Nfd7 5.Nce2 c5 6.f4 f5 7.c3 Nc6 8.Nf3 Be7
9.g3 O-O 10.Bh3 cxd4 11.cxd4 Nb6 12.O-O Bd7 13.g4 g6 14.gxf5 gxf5 15.Kh1 Kh8
16.Rg1 Be8 17.Ng3 h6 18.b3 a5 19.a4 Bg6 20.Ba3 Bxa3 21.Rxa3 Nb4 22.Ne1 Qh4
23.Bg2 Qxf4 24.Rf1 Qh4 25.Qd2 Kh7 26.Rf4 Qe7 27.Nf3 Nd3 28.Rh4 f4 29.Ra1 Rac8
30.Nh5 Bxh5 31.Rxh5 Nb4 32.Bf1 Kg8 33.Bd3 Nxd3 34.Rg1+ Kf7 35.Qxd3 Ke8 36.Rxh6 Rf5
37.Nh4 Rf7 38.Qb5+ Rc6 39.Rg8+ Kd7 40.Nf3 Rg7 41.Rg6 Rxg8 42.Rxg8 Qh7 43.Rg1 Qe4
44.Rf1 Kc7 45.Qxa5 Rc2 46.Qb4 Nc8 47.Qe1 Re2 48.Qc3+ Kb8 49.Qc1 Re3 50.Kg2 Ne7
51.Qc5 Re2+ 52.Rf2 Nc6 53.Qf8+ Ka7 54.Qc5+ Ka8 55.Qc3 Re3 56.Qc5 Rxb3 57.Qf8+ Ka7
58.Qc5+ Ka6 59.Qc2 Rxf3 60.Qxe4 dxe4 61.Rxf3 exf3+ 62.Kxf3 Nxd4+ 63.Kxf4 Ka5
64.h4  0-1

[Event "12th Metalis Open"]
[Site "Bizovac CRO"]
[Date "2005.02.26"]
[Round "6"]
[White "Huis,D"]
[Black "Tarakcija,H"]
[Result "1/2-1/2"]
[WhiteElo "2107"]
[BlackElo "2252"]

1.e4 e6 2.d4 d5 3.Nc3 Nf6 4.e5 Nfd7 5.f4 c5 6.Nf3 Qb6 7.Na4 Qa5+ 8.c3 cxd4
9.b4 Qc7 10.Nxd4 a6 11.Bd2 Be7 12.Bd3 Nc6 13.a3 b5 14.Nb2 Nb6 15.Nxc6 Qxc6
16.Qc2 Bb7 17.Be3 Nc4 18.Bd4 a5 19.O-O axb4 20.axb4 g6 21.Rxa8+ Bxa8 22.Ra1 Bb7
23.Nd1 Kd7 24.g3 Ra8 25.Rxa8 Bxa8 26.Qa2 Bb7 27.Nf2 Qa6 28.Qxa6 Bxa6 29.g4 Nd2
30.Be3 Nc4 31.Bd4  1/2-1/2

[Event "Sozina Open"]
[Site "Bar SCG"]
[Date "2005.03.06"]
[Round "3"]
[White "Predojevic,B"]
[Black "Kalezic,B"]
[Result "1/2-1/2"]
[WhiteElo "2546"]
[BlackElo "2445"]

1.e4 e6 2.d4 d5 3.Nc3 Nf6 4.e5 Nfd7 5.f4 c5 6.Nf3 Nc6 7.Be3 a6 8.Qd2 cxd4
9.Nxd4 Bc5 10.O-O-O Nxd4 11.Bxd4 O-O 12.Qf2 Qe7 13.Bd3 Bxd4 14.Qxd4 b5 15.Rhe1 b4
16.Ne4 a5 17.Kb1 Ba6 18.Nd6 f6  1/2-1/2

[Event "TCh-BEL 2004-5"]
[Site "Belgium BEL"]
[Date "2005.03.06"]
[Round "10"]
[White "Daels,M"]
[Black "Feygin,M"]
[Result "0-1"]
[WhiteElo "2229"]
[BlackElo "2478"]

1.e4 e6 2.d4 d5 3.Nc3 Nf6 4.e5 Nfd7 5.f4 c5 6.Nf3 Nc6 7.Be3 a6 8.Qd2 b5 9.dxc5 Bxc5
10.Bxc5 Nxc5 11.b4 Ne4 12.Nxe4 dxe4 13.Qxd8+ Kxd8 14.Ng5 Kc7 15.c3 Bb7 16.Nxf7 Rhf8
17.Ng5 Rae8 18.g3 h6 19.Nh3 g5 20.Rg1 Rg8 21.a4 Kb6 22.O-O-O Ref8 23.Be2 bxa4
24.Bc4 g4 25.Nf2 Nxe5 26.fxe5 Rxf2 27.Rd6+ Ka7 28.Rgd1 Re8 29.Bxe6 Re7 30.Kb1 e3
31.Bc4 e2 32.Re1 Rf1 33.Rd7 Rxe1+ 34.Kb2 Rb1+  0-1

[Event "Acropolis GM Open"]
[Site "Athens GRE"]
[Date "2005.03.08"]
[Round "3"]
[White "Papadopoulos,I"]
[Black "Dorfanis,I"]
[Result "1/2-1/2"]
[WhiteElo "2241"]
[BlackElo "2195"]

1.e4 e6 2.d4 d5 3.Nc3 Nf6 4.e5 Nfd7 5.Nce2 c5 6.c3 Nc6 7.f4 Qb6 8.Nf3 a5
9.a4 Be7 10.h4 h5 11.f5 cxd4 12.fxe6 Ndxe5 13.exf7+ Nxf7 14.Nexd4 Bg4 15.Be3 Qxb2
16.Nb5 O-O 17.Rb1 Qa2 18.Ra1 Qb2  1/2-1/2

[Event "Sozina Open"]
[Site "Bar SCG"]
[Date "2005.03.08"]
[Round "5"]
[White "Anicic,V"]
[Black "Vavrak,P"]
[Result "1-0"]
[WhiteElo "2201"]
[BlackElo "2401"]

1.e4 e6 2.d4 d5 3.Nc3 Nf6 4.e5 Nfd7 5.f4 c5 6.Nf3 a6 7.Be3 Qb6 8.Na4 Qa5+
9.c3 cxd4 10.b4 Qc7 11.Qxd4 Nc6 12.Qd2 Be7 13.Nd4 b5 14.Nb2 Nxd4 15.Bxd4 f6
16.exf6 Bxf6 17.Be2 O-O 18.O-O Nb6 19.Qe3 Bxd4 20.Qxd4 Bd7 21.Nd3 Na4 22.Rac1 Rfc8
23.Bg4 a5 24.a3 Ra6 25.Rfe1 Re8 26.f5 Qb6 27.fxe6 Bxe6 28.Bxe6+ Rxe6 29.Rxe6 Qxd4+
30.cxd4 Rxe6 31.Rc8+ Kf7 32.Ne5+ Kf6 33.Kf2 axb4 34.axb4 Nb2 35.Rf8+ Kg5
36.Rd8 Kf4 37.Rxd5 Nd1+ 38.Kg1 Nc3 39.Rd7 Ra6 40.h3 Ne2+ 41.Kf2 Ra2 42.Nd3+ Kf5
43.Ke3 Ng3 44.d5 Nf1+ 45.Kd4 Kf6 46.g4 Rc2 47.Rd6+ Kg5 48.Rb6 Nd2 49.d6 Kf6
50.Nc5 Nf3+ 51.Kd3 Ne1+ 52.Ke4  1-0

[Event "TCh-SWE Elitserien 2004-5"]
[Site "Malmo SWE"]
[Date "2005.03.11"]
[Round "9"]
[White "Djurhuus,R"]
[Black "Johansson,CF"]
[Result "1-0"]
[WhiteElo "2473"]
[BlackElo "2225"]

1.e4 e6 2.d4 d5 3.Nc3 Nf6 4.e5 Nfd7 5.f4 c5 6.Nf3 Nc6 7.Ne2 Qb6 8.c3 cxd4
9.cxd4 Bb4+ 10.Kf2 f6 11.Be3 O-O 12.h4 a5 13.a4 Be7 14.b3 Qd8 15.Kg1 fxe5
16.fxe5 Rxf3 17.gxf3 Bxh4 18.f4 Nf8 19.Nc3 Nb4 20.Na2 Be7 21.Nxb4 Bxb4 22.Bd3 g6
23.Ra2 b6 24.Rc2 Ba6 25.Bxa6 Rxa6 26.Qc1 Ra8 27.Rc7 Rb8 28.Qc6 Be7 29.Kg2 g5
30.Kf3 Kh8 31.fxg5 Bxg5 32.Qc2 h6 33.Rh5 Qe8 34.Qh2 Qg6 35.Rxg5 Qe4+ 36.Ke2 Nh7
37.Qxh6  1-0

[Event "ch-BLR"]
[Site "Minsk BLR"]
[Date "2005.03.12"]
[Round "9"]
[White "Fedorov,Alex"]
[Black "Kovalev,An"]
[Result "1/2-1/2"]
[WhiteElo "2603"]
[BlackElo "2565"]

1.e4 e6 2.d4 d5 3.Nc3 Nf6 4.e5 Nfd7 5.f4 c5 6.Nf3 Nc6 7.Be3 cxd4 8.Nxd4 Bc5
9.Qd2 Bxd4 10.Bxd4 Nxd4 11.Qxd4 Qb6 12.Qxb6 Nxb6 13.Nb5 Ke7 14.Bd3 Bd7 15.Nd4 h5
16.b3 g6 17.Kd2 a6 18.g3 Nc8 19.h3 Na7 20.c3 Rac8 21.Rac1 Bb5 22.Bb1 Bd7
23.Bd3  1/2-1/2